000 00305nam a22001337a 4500
008 170315b xxu||||| |||| 00| 0 eng d
020 _a9780520078499
041 _aeng
080 _a591
100 _a7
101 _aSHM
245 _aLATIN AMERICAN INSECTS AND ENTOMOLOGY
_cHOGUE, CH.L
942 _2udc
_cBK
999 _c7810
_d7810